logo

Bir Sreshtho Munshi Abdur Rouf Library
Jhenaidah Cadet College

The Anarchy : (Record no. 13660)

MARC details
000 -LEADER
fixed length control field 01254cam a2200325 i 4500
001 - CONTROL NUMBER
JCCL Control Number 13660
003 - CONTROL NUMBER IDENTIFIER
JCCL marc code BD-JhCC
005 - DATE AND TIME OF LATEST TRANSACTION
control field 20240313151308.0
008 - FIXED-LENGTH DATA ELEMENTS--GENERAL INFORMATION
fixed length control field 170417s2019 enkabf b 001 0 eng d
020 ## - INTERNATIONAL STANDARD BOOK NUMBER
International Standard Book Number 9781781382424
020 ## - INTERNATIONAL STANDARD BOOK NUMBER
International Standard Book Number 1781382425
035 ## - SYSTEM CONTROL NUMBER
system control number (OCoLC)13660
040 ## - CATALOGING SOURCE
Original cataloging agency COO
Transcribing agency COO
Description conventions rda
Modifying agency YDXCP
-- ERASA
-- UKBRU
-- YDX
-- OCLCF
-- STF
-- VGM
-- DLC
041 ## - LANGUAGE CODE
Language code of Book english
050 00 - LIBRARY OF CONGRESS CALL NUMBER
Classification number DA198.5
Item number .C74 2016
082 00 - DEWEY DECIMAL CLASSIFICATION NUMBER
Classification number 942.024
DDC Edition number 23
Author mark and Year DAL 2019
100 1# - MAIN ENTRY--PERSONAL NAME
Personal name Dalrymple, William
Fuller form of name (Oliver Hamilton),
Dates associated with a name 1972-
245 14 - TITLE STATEMENT
Title The Anarchy :
Remainder of title The East India Company,Corporate Violence,And The Pillage Of An Empire /
Statement of responsibility, etc William Dalrymple.
260 ## - PUBLICATION, DISTRIBUTION, ETC. (IMPRINT)
Place of publication, distribution, etc London:
Name of publisher, distributor, etc Bloomsbury;
Date of publication, distribution, etc 2019.
300 ## - PHYSICAL DESCRIPTION
Pagination 569 p. :
Other physical details illustrations (some color), maps ;
Dimensions 24 cm.
490 1# - SERIES STATEMENT
Series statement Exeter studies in medieval Europe,
504 ## - BIBLIOGRAPHY, ETC. NOTE
Bibliography, etc Includes bibliographical references (pages 295-332) and index.
650 #0 - SUBJECT ADDED ENTRY--TOPICAL TERM
Topical term or geographic name as entry element East India Company
Chronological subdivision East India Company History
Form subdivision History
Geographic subdivision Inde Histoire 1765-1947 (Occupation britannique)
651 #0 - SUBJECT ADDED ENTRY--GEOGRAPHIC NAME
Geographic name Great Britain
General subdivision History
Chronological subdivision Stephen, 1135-1154.
651 #0 - SUBJECT ADDED ENTRY--GEOGRAPHIC NAME
Geographic name Great Britain
General subdivision Antiquities
Chronological subdivision 12th century.
651 #7 - SUBJECT ADDED ENTRY--GEOGRAPHIC NAME
Geographic name Great Britain.
655 #7 -
Genre/form data or focus term History.
Source of term fast
830 #0 - SERIES ADDED ENTRY--UNIFORM TITLE
Uniform title Exeter studies in medieval Europe.
942 ## - ADDED ENTRY ELEMENTS (KOHA)
Source of classification or shelving scheme Dewey Decimal Classification
Koha item type Books
Holdings
Source of classification or shelving scheme Damaged status Not for loan Home library Current library Shelving location Date of accession Cost, normal purchase price Total Checkouts Full call number Barcode Date last seen Copy number Method of acquisition Koha item type Currency
Dewey Decimal Classification     JCC Rouf Library JCC Rouf Library General Stacks   530.00   942.024 DAL 2019 19129 03/13/2024 C-1 Purchase Books BDT

JCC Library | Contacts | JCC Home

Last Update on 23 September 2017
Copyright @ 2017-2020 JCC Rouf Library
Rouf Library, Jhenidah Cadet College (JCC), Bangladesh